[Event "Bucaramanga Santander-ch"]
[Site "Bucaramanga"]
[Date "2024.03.08"]
[Round "2"]
[White "Remolina Garcia, Mayra Xiomara"]
[Black "Gonzalez Delgado, Hugo Andres"]
[Result "0-1"]
[WhiteElo "1757"]
[BlackElo "1994"]
[PlyCount "42"]
[EventDate "2024.03.08"]
[EventType "swiss"]
[EventRounds "7"]
[EventCountry "COL"]
[SourceTitle "CB13_2024"]
[SourceDate "2024.03.27"]
[SourceVersion "1"]
[SourceVersionDate "2024.03.27"]
[SourceQuality "1"]

1. e4 e6 2. Nc3 d5 3. d4 Nf6 4. e5 Nfd7 5. f4 c5 6. Nf3 Nc6 7. Be2 a6 8. 0-0 cxd4 9. Nb1 b5 10. Kh1 Qb6 11. a3 a5 12. Bd3 Nc5 13. Be2 Ne4 14. Bd3 Nc5 15. Be2 Nd7 16. Nbd2 Bb7 17. Nb3 Bc5 18. a4 b4 19. Qe1 Ba6 20. Bxa6 Qxa6 21. Qd1 0-0 0-1

[Event "COL-chT"]
[Site "Risaralda"]
[Date "2023.11.22"]
[Round "6.3"]
[White "Gonzalez Delgado, Hugo Andres"]
[Black "Guayara Diaz, William Alonso"]
[Result "0-1"]
[WhiteElo "1960"]
[BlackElo "1863"]
[PlyCount "66"]
[EventDate "2023.11.19"]
[EventType "team-swiss"]
[EventRounds "7"]
[EventCountry "COL"]
[SourceTitle "CB49_2023"]
[SourceDate "2023.12.06"]
[SourceVersion "1"]
[SourceVersionDate "2023.12.06"]
[SourceQuality "1"]
[WhiteTeam "Santander"]
[BlackTeam "Narino"]
[WhiteTeamCountry "COL"]
[BlackTeamCountry "COL"]

1. e4 c5 2. Nc3 g6 3. Bc4 Nc6 4. d3 Bg7 5. a3 d6 6. Ba2 e6 7. h4 h5 8. Bg5 Nge7 9. Qd2 Bd7 10. Nge2 a6 11. 0-0 Qc7 12. Rab1 0-0 13. Bh6 Ne5 14. Bg5 N7c6 15. Ng3 Nd4 16. Nce2 Ndf3+ 17. gxf3 Nxf3+ 18. Kg2 Nxd2 19. Bxd2 Bc6 20. f3 d5 21. Rg1 Kh7 22. Kh3 f5 23. exd5 exd5 24. Nf4 Qd6 25. Ngxh5 gxh5 26. Rg5 Bh6 27. Rbg1 Rg8 28. Nxh5 Bxg5 29. hxg5 Rg6 30. Bf4 Qe7 31. b4 cxb4 32. axb4 Rag8 33. Kh4 Rh6 0-1

[Event "COL-chT"]
[Site "Risaralda"]
[Date "2023.11.21"]
[Round "4.3"]
[White "Panesso Rivera, Henry"]
[Black "Gonzalez Delgado, Hugo Andres"]
[Result "1-0"]
[WhiteElo "2356"]
[BlackElo "1960"]
[PlyCount "59"]
[EventDate "2023.11.19"]
[EventType "team-swiss"]
[EventRounds "7"]
[EventCountry "COL"]
[SourceTitle "CB49_2023"]
[SourceDate "2023.12.06"]
[SourceVersion "1"]
[SourceVersionDate "2023.12.06"]
[SourceQuality "1"]
[WhiteTeam "Antioquia"]
[BlackTeam "Santander"]
[WhiteTeamCountry "COL"]
[BlackTeamCountry "COL"]

1. e4 e6 2. d4 d5 3. Nc3 dxe4 4. Nxe4 Bd7 5. Nf3 Bc6 6. Qe2 Bxe4 7. Qxe4 c6 8. Bd3 Nf6 9. Qe2 Nbd7 10. 0-0 Be7 11. c4 0-0 12. Bg5 h6 13. Bf4 Nh5 14. Bd2 Bd6 15. Ne5 Bxe5 16. dxe5 Nxe5 17. Qxe5 Qxd3 18. Bb4 Nf6 19. Bxf8 Rxf8 20. Qc7 Qd7 21. Qxd7 Nxd7 22. Rfd1 Nf6 23. Rd3 b5 24. Rc1 Rb8 25. cxb5 cxb5 26. Rc7 a5 27. Rdc3 Ne4 28. Rc8+ Rxc8 29. Rxc8+ Kh7 30. Rb8 1-0

[Event "Bucaramanga op"]
[Site "Bucaramanga"]
[Date "2022.12.18"]
[Round "5"]
[White "Suarez Pinto, Sergio Rafael"]
[Black "Gonzalez Delgado, Hugo Andres"]
[Result "1/2-1/2"]
[WhiteElo "1913"]
[BlackElo "1898"]
[PlyCount "68"]
[EventDate "2022.12.16"]
[EventType "swiss"]
[EventRounds "7"]
[EventCountry "COL"]
[SourceTitle "EXT 2024"]
[Source "ChessBase"]
[SourceDate "2023.10.10"]
[SourceVersion "1"]
[SourceVersionDate "2023.10.10"]
[SourceQuality "1"]

1. e4 e6 2. d4 d5 3. Nd2 Nf6 4. e5 Nfd7 5. c3 c5 6. Bd3 Nc6 7. Ne2 cxd4 8. cxd4 f6 9. exf6 Nxf6 10. 0-0 Bd6 11. Nf3 Qc7 12. Nc3 a6 13. h3 0-0 14. Be3 Bd7 15. Rc1 b5 16. a4 b4 17. Nb5 axb5 18. axb5 Qb6 19. bxc6 Bxc6 20. Qe2 Bb7 21. Ra1 Ne4 22. Rfc1 b3 23. Nd2 Qb4 24. Rxa8 Rxa8 25. Nxe4 dxe4 26. Bc4 Bd5 27. Bxd5 exd5 28. Qg4 Re8 29. Qd7 Qb8 30. Qc6 Bh2+ 31. Kh1 Rd8 32. Qe6+ Kh8 33. g3 Bxg3 34. fxg3 Qxg3 1/2-1/2

[Event "COL-ch U26"]
[Site "Cali"]
[Date "2022.09.30"]
[Round "5"]
[White "Hurtado Mosquera, Orestes Andre"]
[Black "Gonzalez Delgado, Hugo Andres"]
[Result "0-1"]
[WhiteElo "1760"]
[BlackElo "1869"]
[PlyCount "69"]
[EventDate "2022.09.28"]
[EventType "swiss"]
[EventRounds "6"]
[EventCountry "COL"]
[SourceTitle "CBM 210 Extra"]
[Source "ChessBase"]
[SourceDate "2022.11.30"]
[SourceVersion "1"]
[SourceVersionDate "2022.11.30"]
[SourceQuality "1"]

1. e4 e6 2. d4 d5 3. Nc3 Bb4 4. Bd3 c5 5. a3 Ba5 6. dxc5 Bxc3+ 7. bxc3 dxe4 8. Bxe4 Qa5 9. Qd4 Nf6 10. Bf3 0-0 11. Ne2 e5 12. Qxe5 Re8 13. Qd4 Nc6 14. Bxc6 bxc6 15. Be3 Ba6 16. Nf4 Rad8 17. Qb4 Qc7 18. Nd3 Nd5 19. Qg4 Bxd3 20. cxd3 Nxe3 21. fxe3 Rxe3+ 22. Kf2 Rexd3 23. Rhe1 Qxh2 24. Rad1 h5 25. Rxd3 hxg4 26. Rxd8+ Kh7 27. Rd4 Qh4+ 28. Ke2 Qg3 29. Kf1 f5 30. Rd7 Qf4+ 31. Kg1 g3 32. Red1 Qh4 33. Kf1 Qh1+ 34. Ke2 Qxg2+ 35. Kd3 0-1

[Event "Bucaramanga Bonita op"]
[Site "Bucaramanga"]
[Date "2021.09.04"]
[Round "2"]
[White "Gonzalez Delgado, Hugo Andres"]
[Black "Virviescas Sanchez, Christian Stewart"]
[Result "1-0"]
[WhiteElo "1858"]
[BlackElo "1569"]
[PlyCount "63"]
[EventDate "2021.09.04"]
[EventType "swiss"]
[EventRounds "6"]
[EventCountry "COL"]
[SourceTitle "EXT 2022"]
[Source "ChessBase"]
[SourceDate "2021.10.06"]
[SourceVersion "1"]
[SourceVersionDate "2021.10.06"]
[SourceQuality "1"]

1. e4 e6 2. Qe2 Ne7 3. Nf3 d5 4. d3 c5 5. g3 Nbc6 6. c3 Ng6 7. Bg2 Be7 8. h4 h5 9. 0-0 d4 10. e5 b6 11. c4 Bb7 12. a3 Qc7 13. Re1 a6 14. Nbd2 a5 15. Rb1 Ba6 16. a4 0-0-0 17. Ne4 Ncxe5 18. Neg5 Bf6 19. Nxe5 Bxe5 20. Qe4 Bxc4 21. dxc4 Bf6 22. Nxe6 fxe6 23. Qxg6 e5 24. Bd2 Rhf8 25. b3 Rd6 26. Qe4 Kd7 27. Bh3+ Kd8 28. f4 Re8 29. Qa8+ Ke7 30. Qf3 Kd8 31. fxe5 Bxe5 32. Qa8+ 1-0

[Event "Bogota Bonita op"]
[Site "Bogota"]
[Date "2019.09.28"]
[Round "4"]
[White "Gonzalez Delgado, Hugo Andres"]
[Black "Rosas Rico, Leonardo"]
[Result "1-0"]
[WhiteElo "1846"]
[BlackElo "1509"]
[PlyCount "49"]
[EventDate "2019.09.26"]
[EventType "swiss"]
[EventRounds "7"]
[EventCountry "COL"]
[SourceTitle "EXT 2020"]
[Source "ChessBase"]
[SourceDate "2019.10.17"]
[SourceVersion "1"]
[SourceVersionDate "2019.10.17"]
[SourceQuality "1"]

1. e4 e5 2. f4 d6 3. Nf3 Nc6 4. Bc4 Be6 5. Bb3 Nf6 6. Nc3 Nd4 7. 0-0 Nxf3+ 8. Qxf3 Bxb3 9. axb3 Be7 10. d3 0-0 11. f5 c6 12. Bg5 h6 13. Bh4 g5 14. Bf2 d5 15. g4 Bb4 16. h4 Bxc3 17. bxc3 dxe4 18. dxe4 Nh7 19. Qe3 Qb6 20. Qh3 Qc7 21. hxg5 hxg5 22. Bc5 Rfd8 23. f6 b6 24. Be7 Re8 25. Qh6 1-0

[Event "Bogota Bonita op"]
[Site "Bogota"]
[Date "2019.09.28"]
[Round "5"]
[White "Lozano Mogollon, Juan Guillermo"]
[Black "Gonzalez Delgado, Hugo Andres"]
[Result "0-1"]
[WhiteElo "1692"]
[BlackElo "1846"]
[PlyCount "38"]
[EventDate "2019.09.26"]
[EventType "swiss"]
[EventRounds "7"]
[EventCountry "COL"]
[SourceTitle "EXT 2020"]
[Source "ChessBase"]
[SourceDate "2019.10.17"]
[SourceVersion "1"]
[SourceVersionDate "2019.10.17"]
[SourceQuality "1"]

1. e4 e6 2. d4 d5 3. exd5 exd5 4. Nf3 Bd6 5. Bd3 Nc6 6. c3 Bg4 7. 0-0 Nge7 8. Be3 Qd7 9. Nbd2 0-0 10. Qc2 f5 11. Ne5 Bxe5 12. dxe5 Nxe5 13. f4 Nxd3 14. Qxd3 Nc6 15. Nf3 Bxf3 16. Rxf3 Rfe8 17. Bf2 Rad8 18. Bh4 Ne7 19. Rd1 c6 0-1

[Event "South America-ch U20 11th"]
[Site "Barrancabermeja"]
[Date "2015.04.28"]
[Round "9"]
[White "Cardenas Angarita, Juan Pablo"]
[Black "Gonzalez Delgado, Hugo Andres"]
[Result "0-1"]
[WhiteElo "1659"]
[BlackElo "1862"]
[PlyCount "44"]
[EventDate "2015.04.22"]
[EventType "swiss"]
[EventRounds "9"]
[EventCountry "COL"]
[SourceTitle "CBM 166 Extra"]
[Source "ChessBase"]
[SourceDate "2015.06.18"]
[SourceVersion "1"]
[SourceVersionDate "2015.06.18"]
[SourceQuality "1"]

1. c4 Nf6 2. Nc3 b6 3. Nf3 Bb7 4. g3 e6 5. Bg2 d5 6. cxd5 exd5 7. 0-0 Be7 8. e3 0-0 9. b3 Nbd7 10. Bb2 Ba6 11. d3 c5 12. Ne2 Re8 13. Nf4 Bd6 14. Rc1 Rc8 15. Bh3 Rc7 16. Bxd7 Rxd7 17. Bxf6 Qxf6 18. Nxd5 Qe6 19. Nf4 Bxf4 20. exf4 Rxd3 21. Re1 Rxd1 22. Rcxd1 Qc8 0-1